Los días de Don Ricardo /
Збережено в:
| Автор: | |
|---|---|
| Формат: | Невідомо |
| Мова: | Spanish |
| Опубліковано: |
San José, Costa Rica :
Editorial Costa Rica,
1974.
|
| Редагування: | 2 edición |
| Предмети: | |
| Теги: |
Додати тег
Немає тегів, Будьте першим, хто поставить тег для цього запису!
|
MARC
| LEADER | 000000000a22000000004500 | ||
|---|---|---|---|
| 001 | 001526 | ||
| 008 | 181109b xxu||||| |||| 00| 0 spa d | ||
| 041 | 0 | |a spa | |
| 082 | 0 | 4 | |a 320.972.86 |b R6969di2 |
| 100 | 1 | |a Rodríguez Vega, Eugenio, |d 1925- | |
| 245 | 1 | 4 | |a Los días de Don Ricardo / |c Eugenio Rodríguez Vega. |
| 250 | |a 2 edición | ||
| 260 | 1 | |a San José, Costa Rica : |b Editorial Costa Rica, |c 1974. | |
| 300 | |a 188 páginas | ||
| 500 | |a Otro ejemplar con número de inscripción 14324 | ||
| 650 | 4 | |a COSTA RICA | |
| 650 | 4 | |a POLITICA Y GOBIERNO | |
| 650 | 4 | |a SIGLO XX | |
| 650 | 4 | |a JIMENEZ OREAMUNO, RICARDO | |
| 650 | 4 | |a PRESIDENTE DE COSTA RICA, 1859-1945 | |
| 650 | 4 | |a BIOGRAFIA | |
| 942 | |c BK |2 ddc | ||
| 999 | |c 8243 |d 8243 | ||
